Kết cấu ô tô (Giáo trình cho sinh viên đại học)
Trình bày về cấu tạo, nguyên lí làm việc của các hệ thống, cụm, bộ phận, chi tiết của ô tô, động cơ trên ô tô, điện cơ bản, hệ thống truyền lực, các hệ thống chuyển động và điều khiển chuyển động, một số thiết bị phụ của ô tô...
Salvato in:
| Altri autori: | , , |
|---|---|
| Natura: | Libro |
| Lingua: | Vietnamese |
| Pubblicazione: |
H.
Bách khoa - Hà Nội
2010
|
| Soggetti: | |
| Tags: |
Aggiungi Tag
Nessun Tag, puoi essere il primo ad aggiungerne! !
|
| Thư viện lưu trữ: | Thư viện Trường Đại học Nam Cần Thơ |
|---|
| LEADER | 01416nam a22002297a 4500 | ||
|---|---|---|---|
| 001 | NCT_27964 | ||
| 008 | 180224b xxu||||| |||| 00| 0 vie d | ||
| 999 | |c 1340 |d 1340 | ||
| 020 | |c 53000 | ||
| 082 | 0 | 4 | |2 23rd ed. |a 629.22 |b Tr103 |
| 245 | 1 | 0 | |a Kết cấu ô tô |b (Giáo trình cho sinh viên đại học) |c Nguyễn Khắc Trai [et al.] |
| 260 | |a H. |b Bách khoa - Hà Nội |c 2010 | ||
| 300 | |a 375 tr. |b Minh họa |c 27cm | ||
| 520 | |a Trình bày về cấu tạo, nguyên lí làm việc của các hệ thống, cụm, bộ phận, chi tiết của ô tô, động cơ trên ô tô, điện cơ bản, hệ thống truyền lực, các hệ thống chuyển động và điều khiển chuyển động, một số thiết bị phụ của ô tô | ||
| 653 | |a Công nghệ kỹ thuật ô tô | ||
| 700 | 1 | |a Nguyễn Khắc Trai | |
| 700 | 1 | |a Nguyễn Trọng Hoan | |
| 700 | 1 | |a Hồ Hữu Hải | |
| 942 | |2 ddc |c BK | ||
| 952 | |0 0 |1 0 |2 ddc |4 0 |6 629_220000000000000_TR103 |7 0 |9 6666 |a 000001 |b 000001 |d 2018-02-24 |o 629.22 Tr103 |p MD.10091 |r 2018-02-24 |v 53000.00 |w 2018-02-24 |y BK | ||
| 952 | |0 0 |1 0 |2 ddc |4 0 |6 629_220000000000000_TR103 |7 0 |9 6674 |a 000001 |b 000001 |d 2018-02-24 |l 1 |o 629.22 Tr103 |p MD.10086 |q 2020-07-23 |r 2020-07-09 |s 2020-07-09 |v 53000.00 |w 2018-02-24 |y BK | ||
| 980 | |a Thư viện Trường Đại học Nam Cần Thơ | ||